| 000 | 00551nam a2200193Ia 4500 | ||
|---|---|---|---|
| 003 | GCL | ||
| 008 | 140319s9999 xx 000 0 ara d | ||
| 040 |
_aGCL / _cGCL |
||
| 082 | 0 | 4 |
_a133.442 _bا ف |
| 100 | 1 | _aاريك فروم | |
| 245 | 1 | 0 |
_aفن الحب / _cاريك فروم |
| 700 | 1 | _aمجاهد عبدالمنعم مجاهد | |
| 260 |
_a[S.N] : _bمكتبة الانجلوالمصرية ، _c1980 |
||
| 300 | _a203 ص | ||
| 490 | _a | ||
| 650 | 0 | 4 | _aالحب الالهى |
| 650 | 0 | 4 | _aعلم النفس الشعبى |
| 942 |
_2ddc _cBK |
||
| 999 |
_c46046 _d46046 |
||